[Event "DVM U20 2021"]
[Site "Kiel GER"]
[Date "2022.07.23"]
[Round "1"]
[White "Riegel, Simon"]
[Black "Falke, Philipp"]
[Result "1-0"]
[Termination "normal"]
[Board "6.6"]
[WhiteElo "1285"]
[BlackElo "1508"]
[WhiteClock "00:29:36"]
[BlackClock "00:03:35"]
[WhiteTeam "SK Langen"]
[BlackTeam "Post SV Uelzen"]
[PlyCount "97"]
[WhiteFideId "34628410"]
[BlackFideId "16294696"]
[EventCountry "GER"]
[EventRounds "7"]
[EventType "team-swiss"]
[EventDate "2022.07.22"]

1. d4 {[%clk 01:30:48]} {[%emt 00:00:11]} d5 {[%clk 01:30:41]} {[%emt
00:00:19]} 2. Nf3 {[%clk 01:30:40]} {[%emt 00:00:39]} Nf6 {[%clk 01:30:34]}
{[%emt 00:00:36]} 3. Bf4 {[%clk 01:29:57]} {[%emt 00:01:13]} c5 {[%clk
01:29:25]} {[%emt 00:01:39]} 4. c3 {[%clk 01:28:29]} {[%emt 00:01:59]} Qb6
{[%clk 01:25:09]} {[%emt 00:04:45]} 5. Qb3 {[%clk 01:28:43]} {[%emt 00:00:18]}
c4 {[%clk 01:25:09]} {[%emt 00:00:30]} 6. Qc2 {[%clk 01:27:33]} {[%emt
00:01:39]} Nc6 {[%clk 01:23:34]} {[%emt 00:02:04]} 7. Nbd2 {[%clk 01:27:41]}
{[%emt 00:00:22]} g6 {[%clk 01:20:24]} {[%emt 00:03:40]} 8. e4 {[%clk
01:20:03]} {[%emt 00:08:09]} Nxe4 {[%clk 01:00:14]} {[%emt 00:20:39]} 9. Nxe4
{[%clk 01:19:33]} {[%emt 00:01:01]} dxe4 {[%clk 00:58:12]} {[%emt 00:02:31]}
10. Nd2 {[%clk 01:19:27]} {[%emt 00:00:36]} Bf5 {[%clk 00:49:53]} {[%emt
00:08:48]} 11. Nxc4 {[%clk 01:19:04]} {[%emt 00:00:55]} Qd8 {[%clk 00:44:57]}
{[%emt 00:05:26]} 12. Ne3 {[%clk 01:18:25]} {[%emt 00:01:09]} Rc8 {[%clk
00:42:11]} {[%emt 00:03:17]} 13. d5 {[%clk 01:11:15]} {[%emt 00:07:39]} Nb4
{[%clk 00:36:01]} {[%emt 00:06:40]} 14. Qa4+ {[%clk 01:10:10]} {[%emt
00:01:35]} Bd7 {[%clk 00:34:54]} {[%emt 00:01:39]} 15. Qxb4 {[%clk 01:08:58]}
{[%emt 00:01:41]} f5 {[%clk 00:31:34]} {[%emt 00:03:50]} 16. Qd4 {[%clk
01:06:26]} {[%emt 00:03:01]} Rg8 {[%clk 00:31:41]} {[%emt 00:00:23]} 17. Qxa7
{[%clk 01:02:41]} {[%emt 00:04:14]} Bg7 {[%clk 00:30:39]} {[%emt 00:01:33]} 18.
Qxb7 {[%clk 01:00:40]} {[%emt 00:02:31]} Rxc3 {[%clk 00:28:54]} {[%emt
00:02:15]} 19. Bb5 {[%clk 00:57:39]} {[%emt 00:03:31]} Rxe3+ {[%clk 00:19:59]}
{[%emt 00:09:24]} 20. Bxe3 {[%clk 00:54:43]} {[%emt 00:03:26]} Qa5+ {[%clk
00:20:16]} {[%emt 00:00:10]} 21. Bd2 {[%clk 00:54:30]} {[%emt 00:00:45]} Qxb5
{[%clk 00:20:22]} {[%emt 00:00:24]} 22. Qxb5 {[%clk 00:54:42]} {[%emt
00:00:18]} Bxb5 {[%clk 00:20:51]} {[%emt 00:00:02]} 23. Bc3 {[%clk 00:52:52]}
{[%emt 00:02:19]} Bh6 {[%clk 00:20:49]} {[%emt 00:00:31]} 24. a4 {[%clk
00:52:54]} {[%emt 00:00:29]} Bc4 {[%clk 00:21:02]} {[%emt 00:00:17]} 25. a5
{[%clk 00:52:43]} {[%emt 00:00:41]} Bxd5 {[%clk 00:21:19]} {[%emt 00:00:14]}
26. O-O {[%clk 00:51:30]} {[%emt 00:01:42]} Kd7 {[%clk 00:20:09]} {[%emt
00:01:39]} 27. Rfd1 {[%clk 00:50:17]} {[%emt 00:01:43]} e6 {[%clk 00:20:04]}
{[%emt 00:00:35]} 28. b4 {[%clk 00:50:02]} {[%emt 00:00:45]} Rc8 {[%clk
00:18:36]} {[%emt 00:01:57]} 29. a6 {[%clk 00:47:45]} {[%emt 00:02:48]} e3
{[%clk 00:06:02]} {[%emt 00:13:04]} 30. a7 {[%clk 00:40:08]} {[%emt 00:08:07]}
exf2+ {[%clk 00:05:53]} {[%emt 00:00:39]} 31. Kxf2 {[%clk 00:39:22]} {[%emt
00:01:16]} Kc7 {[%clk 00:03:33]} {[%emt 00:02:49]} 32. Be5+ {[%clk 00:37:22]}
{[%emt 00:02:31]} Kb6 {[%emt 00:00:38]} 33. Rxd5 {[%clk 00:37:07]} {[%emt
00:00:42]} exd5 {[%clk 00:02:24]} {[%emt 00:01:33]} 34. a8=Q {[%clk 00:36:59]}
{[%emt 00:00:36]} Rxa8 {[%clk 00:02:51]} {[%emt 00:00:05]} 35. Rxa8 {[%clk
00:37:20]} {[%emt 00:00:10]} Kb5 {[%emt 00:00:40]} 36. Rb8+ {[%clk 00:37:08]}
{[%emt 00:00:34]} Kc4 {[%clk 00:02:30]} {[%emt 00:00:48]} 37. Ke2 {[%clk
00:35:16]} {[%emt 00:02:22]} d4 {[%clk 00:02:39]} {[%emt 00:00:21]} 38. b5
{[%clk 00:34:34]} {[%emt 00:01:12]} d3+ {[%clk 00:03:00]} {[%emt 00:00:09]} 39.
Kd1 {[%clk 00:34:53]} {[%emt 00:00:11]} Be3 {[%clk 00:03:03]} {[%emt 00:00:28]}
40. b6 {[%clk 00:34:32]} {[%emt 00:00:50]} Kc5 {[%emt 00:00:51]} 41. Bc7 {[%clk
00:34:23]} {[%emt 00:00:35]} Kc6 {[%clk 00:02:16]} {[%emt 00:01:01]} 42. Re8
{[%clk 00:34:06]} {[%emt 00:00:46]} f4 {[%clk 00:02:31]} {[%emt 00:00:16]} 43.
Rf8 {[%clk 00:33:39]} {[%emt 00:00:58]} g5 {[%clk 00:02:44]} {[%emt 00:00:17]}
44. Rh8 {[%clk 00:32:54]} {[%emt 00:01:15]} g4 {[%clk 00:02:54]} {[%emt
00:00:20]} 45. Rxh7 {[%clk 00:30:50]} {[%emt 00:02:34]} f3 {[%clk 00:03:12]}
{[%emt 00:00:11]} 46. gxf3 {[%clk 00:31:03]} {[%emt 00:00:17]} gxf3 {[%clk
00:03:34]} {[%emt 00:00:08]} 47. Rf7 {[%clk 00:31:15]} {[%emt 00:00:17]} f2
{[%clk 00:03:40]} {[%emt 00:00:26]} 48. Bg3 {[%clk 00:29:39]} {[%emt 00:02:04]}
Bxb6 {[%clk 00:03:35]} {[%emt 00:00:37]} 49. Bxf2 {[%clk 00:29:36]} {[%emt
00:00:34]} 1-0

[Event "DVM U20 2021"]
[Site "Kiel GER"]
[Date "2022.07.23"]
[Round "1"]
[White "Schäfer, Daniel"]
[Black "Koll, Lukas"]
[Result "1-0"]
[Termination "normal"]
[Board "7.1"]
[WhiteElo "1793"]
[BlackElo "2060"]
[WhiteClock "00:02:12"]
[BlackClock "00:00:57"]
[WhiteTeam "Heilbronner SV"]
[BlackTeam "Karlsruher SF 1853"]
[PlyCount "67"]
[WhiteFideId "16235088"]
[BlackFideId "12969737"]
[EventCountry "GER"]
[EventRounds "7"]
[EventType "team-swiss"]
[EventDate "2022.07.22"]

1. d4 {[%clk 01:30:59]} {[%emt 00:00:02]} d5 {[%clk 01:30:55]} {[%emt
00:00:05]} 2. c4 {[%clk 01:31:26]} {[%emt 00:00:03]} e6 {[%clk 01:31:18]}
{[%emt 00:00:07]} 3. Nc3 {[%clk 01:31:52]} {[%emt 00:00:04]} Nf6 {[%clk
01:31:45]} {[%emt 00:00:04]} 4. Nf3 {[%clk 01:32:06]} {[%emt 00:00:16]} Be7
{[%clk 01:30:56]} {[%emt 00:01:19]} 5. Bf4 {[%clk 01:30:51]} {[%emt 00:01:44]}
O-O {[%clk 01:28:44]} {[%emt 00:02:43]} 6. e3 {[%clk 01:30:49]} {[%emt
00:00:31]} b6 {[%clk 01:26:49]} {[%emt 00:02:26]} 7. cxd5 {[%clk 01:26:51]}
{[%emt 00:04:28]} exd5 {[%clk 01:27:10]} {[%emt 00:00:09]} 8. Bd3 {[%clk
01:26:50]} {[%emt 00:00:30]} Bb7 {[%clk 01:25:26]} {[%emt 00:02:15]} 9. O-O
{[%clk 01:23:09]} {[%emt 00:04:12]} c5 {[%clk 01:23:03]} {[%emt 00:02:53]} 10.
Rc1 {[%clk 01:18:55]} {[%emt 00:04:45]} Nbd7 {[%clk 01:16:35]} {[%emt
00:06:57]} 11. Bf5 {[%clk 00:58:39]} {[%emt 00:20:46]} g6 {[%clk 01:02:15]}
{[%emt 00:14:50]} 12. Bxd7 {[%clk 00:51:55]} {[%emt 00:07:13]} Qxd7 {[%clk
01:01:02]} {[%emt 00:01:43]} 13. Ne5 {[%clk 00:46:49]} {[%emt 00:05:36]} Qe6
{[%clk 00:56:12]} {[%emt 00:05:19]} 14. Nb5 {[%clk 00:36:05]} {[%emt 00:11:15]}
Rfc8 {[%clk 00:54:15]} {[%emt 00:02:27]} 15. dxc5 {[%clk 00:24:44]} {[%emt
00:11:53]} bxc5 {[%clk 00:52:02]} {[%emt 00:02:43]} 16. Nf3 {[%clk 00:24:29]}
{[%emt 00:00:44]} Qb6 {[%clk 00:47:31]} {[%emt 00:04:58]} 17. Qe2 {[%clk
00:22:58]} {[%emt 00:02:04]} Ne4 {[%clk 00:36:37]} {[%emt 00:11:25]} 18. Rfd1
{[%clk 00:21:53]} {[%emt 00:01:35]} Bf6 {[%clk 00:32:07]} {[%emt 00:05:00]} 19.
Nc3 {[%clk 00:14:17]} {[%emt 00:08:05]} Ba6 {[%clk 00:25:08]} {[%emt 00:07:30]}
20. Qc2 {[%clk 00:13:37]} {[%emt 00:01:09]} Nxc3 {[%clk 00:25:23]} {[%emt
00:00:16]} 21. bxc3 {[%clk 00:14:01]} {[%emt 00:00:07]} Rd8 {[%clk 00:24:31]}
{[%emt 00:01:20]} 22. Ne5 {[%clk 00:09:25]} {[%emt 00:05:07]} Rac8 {[%clk
00:18:08]} {[%emt 00:06:53]} 23. Ng4 {[%clk 00:05:19]} {[%emt 00:04:36]} Bg7
{[%clk 00:17:46]} {[%emt 00:00:52]} 24. Nh6+ {[%clk 00:04:01]} {[%emt
00:01:48]} Kf8 {[%clk 00:15:48]} {[%emt 00:02:28]} 25. h4 {[%clk 00:03:51]}
{[%emt 00:00:40]} Bb7 {[%clk 00:12:03]} {[%emt 00:04:16]} 26. Rb1 {[%clk
00:03:24]} {[%emt 00:00:55]} Qc6 {[%clk 00:12:21]} {[%emt 00:00:12]} 27. Qb3
{[%clk 00:02:46]} {[%emt 00:01:08]} Ba8 {[%clk 00:12:05]} {[%emt 00:00:46]} 28.
e4 {[%clk 00:02:25]} {[%emt 00:00:51]} Qe6 {[%clk 00:11:00]} {[%emt 00:01:35]}
29. Qa3 {[%clk 00:01:14]} {[%emt 00:01:41]} Qxe4 {[%clk 00:10:17]} {[%emt
00:01:13]} 30. Bg5 {[%clk 00:00:52]} {[%emt 00:00:52]} Rd7 {[%clk 00:06:57]}
{[%emt 00:03:51]} 31. Re1 {[%clk 00:01:17]} {[%emt 00:00:03]} Qd3 {[%clk
00:06:37]} {[%emt 00:00:50]} 32. Rb8 {[%clk 00:01:30]} {[%emt 00:00:17]} Rdc7
{[%clk 00:04:09]} {[%emt 00:03:00]} 33. Qxa7 {[%clk 00:01:52]} {[%emt
00:00:07]} Be5 {[%clk 00:00:57]} {[%emt 00:03:42]} 34. Rxc8+ {[%clk 00:02:12]}
{[%emt 00:00:10]} 1-0

[Event "DVM U20 2021"]
[Site "Kiel GER"]
[Date "2022.07.23"]
[Round "1"]
[White "Fidlin, Simon"]
[Black "Dietzel, Lukas"]
[Result "1-0"]
[Termination "normal"]
[Board "7.2"]
[WhiteElo "2013"]
[BlackElo "1564"]
[WhiteClock "00:54:59"]
[BlackClock "00:14:59"]
[WhiteTeam "Karlsruher SF 1853"]
[BlackTeam "Heilbronner SV"]
[PlyCount "69"]
[WhiteFideId "16217535"]
[BlackFideId "16284313"]
[EventCountry "GER"]
[EventRounds "7"]
[EventType "team-swiss"]
[EventDate "2022.07.22"]

1. e4 {[%clk 01:30:40]} {[%emt 00:00:18]} e5 {[%clk 01:30:53]} {[%emt
00:00:08]} 2. Nf3 {[%clk 01:31:05]} {[%emt 00:00:06]} Nc6 {[%clk 01:31:18]}
{[%emt 00:00:04]} 3. Bc4 {[%clk 01:31:29]} {[%emt 00:00:06]} Bc5 {[%clk
01:31:41]} {[%emt 00:00:07]} 4. c3 {[%clk 01:31:54]} {[%emt 00:00:06]} Nf6
{[%clk 01:31:40]} {[%emt 00:00:31]} 5. d3 {[%clk 01:32:17]} {[%emt 00:00:07]}
d6 {[%clk 01:31:07]} {[%emt 00:01:04]} 6. Nbd2 {[%clk 01:32:40]} {[%emt
00:00:07]} a6 {[%clk 01:29:51]} {[%emt 00:01:45]} 7. a4 {[%clk 01:33:04]}
{[%emt 00:00:07]} Na5 {[%clk 01:27:35]} {[%emt 00:02:47]} 8. Ba2 {[%clk
01:32:49]} {[%emt 00:00:45]} Ba7 {[%clk 01:26:08]} {[%emt 00:01:57]} 9. b4
{[%clk 01:29:21]} {[%emt 00:03:58]} Nc6 {[%clk 01:26:31]} {[%emt 00:00:07]} 10.
O-O {[%clk 01:29:38]} {[%emt 00:00:13]} b5 {[%clk 01:24:37]} {[%emt 00:02:24]}
11. Re1 {[%clk 01:28:31]} {[%emt 00:01:37]} O-O {[%clk 01:23:07]} {[%emt
00:02:00]} 12. Nf1 {[%clk 01:27:33]} {[%emt 00:01:29]} Re8 {[%clk 01:20:09]}
{[%emt 00:03:28]} 13. Ng3 {[%clk 01:19:35]} {[%emt 00:08:28]} Be6 {[%clk
01:12:11]} {[%emt 00:08:29]} 14. h3 {[%clk 01:13:23]} {[%emt 00:06:42]} h6
{[%clk 01:04:48]} {[%emt 00:07:52]} 15. Bd2 {[%clk 01:04:21]} {[%emt 00:09:31]}
Bxa2 {[%clk 01:02:02]} {[%emt 00:03:17]} 16. Rxa2 {[%clk 01:04:34]} {[%emt
00:00:17]} d5 {[%clk 00:55:53]} {[%emt 00:06:40]} 17. Qe2 {[%clk 01:00:52]}
{[%emt 00:04:11]} Qd7 {[%clk 00:49:03]} {[%emt 00:07:20]} 18. Rea1 {[%clk
01:00:01]} {[%emt 00:01:21]} Qe6 {[%clk 00:36:11]} {[%emt 00:13:23]} 19. axb5
{[%clk 00:56:51]} {[%emt 00:03:39]} axb5 {[%clk 00:34:59]} {[%emt 00:01:42]}
20. Ra6 {[%clk 00:57:04]} {[%emt 00:00:16]} Qc8 {[%clk 00:29:36]} {[%emt
00:05:54]} 21. Kh2 {[%clk 00:53:32]} {[%emt 00:04:02]} Re6 {[%clk 00:27:05]}
{[%emt 00:03:01]} 22. Nf5 {[%clk 00:52:18]} {[%emt 00:01:44]} Nd4 23. cxd4
{[%clk 00:51:24]} Rxa6 {[%clk 00:25:04]} {[%emt 00:00:59]} 24. Ne7+ {[%clk
00:51:48]} {[%emt 00:00:06]} Kf8 {[%clk 00:24:33]} {[%emt 00:01:01]} 25. Nxc8
{[%clk 00:52:12]} {[%emt 00:00:06]} Rxa1 {[%clk 00:24:46]} {[%emt 00:00:17]}
26. Nxa7 {[%clk 00:52:38]} {[%emt 00:00:04]} R1xa7 {[%clk 00:22:01]} {[%emt
00:03:15]} 27. dxe5 {[%clk 00:52:58]} {[%emt 00:00:11]} Nd7 {[%clk 00:20:50]}
{[%emt 00:01:40]} 28. exd5 {[%clk 00:53:17]} {[%emt 00:00:12]} Nb6 {[%clk
00:19:50]} {[%emt 00:01:30]} 29. Qe4 {[%clk 00:53:28]} {[%emt 00:00:19]} Rd8
{[%clk 00:19:03]} {[%emt 00:01:18]} 30. Be3 {[%clk 00:53:42]} {[%emt 00:00:15]}
Rb7 {[%clk 00:17:59]} {[%emt 00:01:34]} 31. d6 {[%clk 00:54:05]} {[%emt
00:00:07]} Rdb8 {[%clk 00:17:10]} {[%emt 00:01:20]} 32. Bc5 {[%clk 00:54:12]}
{[%emt 00:00:23]} Kg8 {[%clk 00:14:32]} {[%emt 00:03:08]} 33. dxc7 {[%clk
00:54:17]} {[%emt 00:00:25]} Rxc7 {[%clk 00:14:40]} {[%emt 00:00:22]} 34. Bd6
{[%clk 00:54:41]} {[%emt 00:00:05]} Rbc8 {[%clk 00:14:59]} {[%emt 00:00:12]}
35. Bxc7 {[%clk 00:54:59]} {[%emt 00:00:11]} 1-0

[Event "DVM U20 2021"]
[Site "Kiel GER"]
[Date "2022.07.23"]
[Round "1"]
[White "Wolff, Calvin"]
[Black "Koll, Linus"]
[Result "0-1"]
[Termination "normal"]
[Board "7.3"]
[WhiteElo "1390"]
[BlackElo "2033"]
[WhiteClock "01:14:55"]
[BlackClock "00:28:41"]
[WhiteTeam "Heilbronner SV"]
[BlackTeam "Karlsruher SF 1853"]
[PlyCount "92"]
[WhiteFideId "16269969"]
[BlackFideId "12990299"]
[EventCountry "GER"]
[EventRounds "7"]
[EventType "team-swiss"]
[EventDate "2022.07.22"]

1. e4 {[%clk 01:30:58]} c5 {[%clk 01:30:56]} {[%emt 00:00:04]} 2. Nf3 {[%clk
01:31:21]} {[%emt 00:00:08]} d6 {[%clk 01:31:22]} {[%emt 00:00:04]} 3. Bb5+
{[%clk 01:31:38]} {[%emt 00:00:12]} Bd7 {[%clk 01:31:26]} {[%emt 00:00:27]} 4.
Bxd7+ {[%clk 01:32:01]} {[%emt 00:00:07]} Qxd7 {[%clk 01:31:52]} {[%emt
00:00:03]} 5. c4 {[%clk 01:32:02]} {[%emt 00:00:29]} Nc6 {[%clk 01:32:15]}
{[%emt 00:00:07]} 6. d4 {[%clk 01:32:11]} {[%emt 00:00:21]} cxd4 {[%clk
01:32:38]} {[%emt 00:00:07]} 7. Nxd4 {[%clk 01:32:36]} {[%emt 00:00:05]} g6
{[%clk 01:32:41]} {[%emt 00:00:28]} 8. Be3 {[%clk 01:32:47]} {[%emt 00:00:19]}
Bg7 {[%clk 01:32:59]} {[%emt 00:00:12]} 9. Nc3 {[%clk 01:32:59]} {[%emt
00:00:17]} Nf6 {[%clk 01:33:22]} {[%emt 00:00:07]} 10. O-O {[%clk 01:33:11]}
{[%emt 00:00:17]} Ng4 {[%clk 01:32:08]} {[%emt 00:01:45]} 11. Qd2 {[%clk
01:30:35]} {[%emt 00:03:07]} Nxe3 {[%clk 01:24:19]} {[%emt 00:08:19]} 12. fxe3
{[%clk 01:30:38]} {[%emt 00:00:26]} O-O {[%clk 01:16:04]} {[%emt 00:08:45]} 13.
Rad1 {[%clk 01:30:07]} {[%emt 00:01:01]} Qg4 {[%clk 01:08:02]} {[%emt
00:08:32]} 14. Rf3 {[%clk 01:20:27]} {[%emt 00:10:11]} a6 {[%clk 00:36:26]}
{[%emt 00:32:06]} 15. a3 {[%clk 01:16:46]} {[%emt 00:04:11]} Rac8 {[%clk
00:20:54]} {[%emt 00:16:02]} 16. b3 {[%clk 01:15:15]} {[%emt 00:02:01]} e6
{[%clk 00:19:41]} {[%emt 00:01:44]} 17. Rdf1 {[%clk 01:14:38]} {[%emt
00:01:06]} Qg5 {[%clk 00:18:12]} {[%emt 00:01:59]} 18. Nxc6 {[%clk 01:09:08]}
{[%emt 00:06:00]} Rxc6 {[%clk 00:17:19]} {[%emt 00:01:23]} 19. Ne2 {[%emt
00:00:20]} Rb6 {[%clk 00:12:27]} {[%emt 00:05:21]} 20. b4 {[%clk 01:09:07]}
{[%emt 00:00:43]} Rc6 {[%clk 00:12:28]} {[%emt 00:00:29]} 21. Qd3 {[%clk
01:09:20]} {[%emt 00:00:17]} b5 {[%clk 00:12:04]} {[%emt 00:00:54]} 22. cxb5
{[%clk 01:07:24]} {[%emt 00:02:27]} Qxb5 {[%clk 00:12:04]} {[%emt 00:00:30]}
23. Qd2 {[%clk 01:06:52]} {[%emt 00:01:01]} Qe5 {[%clk 00:09:46]} {[%emt
00:02:48]} 24. Nd4 {[%clk 01:06:52]} {[%emt 00:00:30]} Rc4 {[%clk 00:08:36]}
{[%emt 00:01:41]} 25. Qf2 {[%clk 01:06:52]} {[%emt 00:00:30]} f5 {[%clk
00:04:41]} {[%emt 00:04:25]} 26. exf5 {[%clk 01:06:51]} {[%emt 00:00:31]} exf5
{[%clk 00:04:44]} {[%emt 00:00:27]} 27. Rd1 {[%clk 01:02:54]} {[%emt 00:04:27]}
Rfc8 {[%clk 00:04:07]} {[%emt 00:01:07]} 28. h3 {[%clk 01:01:08]} {[%emt
00:02:16]} Bh6 {[%clk 00:03:48]} {[%emt 00:00:49]} 29. g3 {[%clk 00:56:46]}
{[%emt 00:04:52]} Rc3 {[%clk 00:03:59]} {[%emt 00:00:19]} 30. Re1 {[%clk
00:56:38]} {[%emt 00:00:37]} Rxa3 {[%clk 00:03:29]} {[%emt 00:01:00]} 31. e4
{[%clk 00:53:45]} {[%emt 00:03:23]} Rcc3 {[%clk 00:01:09]} {[%emt 00:02:49]}
32. Rxc3 {[%clk 00:51:51]} {[%emt 00:02:25]} Rxc3 {[%clk 00:01:34]} {[%emt
00:00:06]} 33. Nf3 {[%clk 00:49:58]} {[%emt 00:02:22]} Qb5 {[%clk 00:01:25]}
{[%emt 00:00:39]} 34. exf5 {[%clk 00:49:48]} {[%emt 00:00:40]} Qxf5 {[%clk
00:01:11]} {[%emt 00:00:44]} 35. Qa2+ {[%clk 00:49:36]} {[%emt 00:00:42]} Qf7
{[%clk 00:00:54]} {[%emt 00:00:48]} 36. Qxf7+ {[%clk 00:46:30]} {[%emt
00:03:35]} Kxf7 {[%clk 00:01:22]} {[%emt 00:00:03]} 37. Kg2 {[%clk 00:46:37]}
{[%emt 00:00:23]} Rc2+ {[%clk 00:01:45]} {[%emt 00:00:06]} 38. Kg1 {[%clk
00:46:51]} {[%emt 00:00:16]} Rc3 {[%clk 00:01:16]} {[%emt 00:00:59]} 39. Kg2
{[%clk 00:46:57]} {[%emt 00:00:24]} Rc2+ {[%clk 00:01:43]} {[%emt 00:00:03]}
40. Kg1 {[%clk 00:47:15]} {[%emt 00:00:12]} Rb2 {[%clk 00:01:43]} {[%emt
00:00:31]} 41. Nd4 {[%clk 00:46:45]} {[%emt 00:01:00]} Rxb4 {[%clk 00:30:08]}
{[%emt 00:02:05]} 42. Nc6 {[%clk 01:16:37]} {[%emt 00:00:38]} Rc4 {[%clk
00:28:43]} {[%emt 00:01:55]} 43. Re7+ {[%clk 01:15:24]} {[%emt 00:01:42]} Kf8
{[%clk 00:29:06]} {[%emt 00:00:06]} 44. Rc7 {[%clk 01:14:16]} {[%emt 00:01:39]}
Be3+ {[%clk 00:28:20]} {[%emt 00:01:15]} 45. Kg2 {[%clk 01:14:34]} {[%emt
00:00:11]} Bb6 {[%clk 00:28:37]} {[%emt 00:00:14]} 46. Rc8+ {[%clk 01:14:55]}
{[%emt 00:00:10]} Kg7 {[%clk 00:28:41]} {[%emt 00:00:26]} 0-1

[Event "DVM U20 2021"]
[Site "Kiel GER"]
[Date "2022.07.23"]
[Round "1"]
[White "Wegmer, Leon"]
[Black "Kulkovets, Roman"]
[Result "1-0"]
[Termination "normal"]
[Board "7.4"]
[WhiteElo "1912"]
[BlackElo "1374"]
[WhiteClock "00:27:27"]
[BlackClock "01:37:29"]
[WhiteTeam "Karlsruher SF 1853"]
[BlackTeam "Heilbronner SV"]
[PlyCount "89"]
[WhiteFideId "12983748"]
[BlackFideId "34119272"]
[EventCountry "GER"]
[EventRounds "7"]
[EventType "team-swiss"]
[EventDate "2022.07.22"]

1. e4 {[%clk 01:30:56]} {[%emt 00:00:02]} c6 {[%clk 01:30:56]} {[%emt
00:00:05]} 2. d4 {[%clk 01:31:22]} {[%emt 00:00:05]} d5 {[%clk 01:31:21]}
{[%emt 00:00:05]} 3. e5 {[%clk 01:31:41]} {[%emt 00:00:10]} Bf5 {[%clk
01:31:47]} {[%emt 00:00:05]} 4. h4 {[%clk 01:32:05]} {[%emt 00:00:06]} h5
{[%clk 01:31:36]} {[%emt 00:00:42]} 5. c4 {[%clk 01:32:04]} {[%emt 00:00:31]}
e6 {[%clk 01:31:27]} {[%emt 00:00:38]} 6. Nc3 {[%clk 01:30:23]} {[%emt
00:02:11]} Nd7 {[%clk 01:31:21]} {[%emt 00:00:37]} 7. cxd5 {[%clk 01:30:00]}
{[%emt 00:00:52]} cxd5 {[%clk 01:31:27]} {[%emt 00:00:24]} 8. Bd3 {[%clk
01:30:25]} {[%emt 00:00:05]} Bxd3 {[%clk 01:31:51]} {[%emt 00:00:07]} 9. Qxd3
{[%clk 01:30:53]} {[%emt 00:00:02]} a6 {[%clk 01:31:44]} {[%emt 00:00:36]} 10.
Nf3 {[%clk 01:20:46]} {[%emt 00:10:38]} Be7 {[%clk 01:22:38]} {[%emt 00:09:34]}
11. Bg5 {[%clk 01:13:32]} {[%emt 00:07:46]} b5 {[%clk 01:17:16]} {[%emt
00:05:51]} 12. O-O {[%clk 01:11:28]} {[%emt 00:02:34]} Nh6 {[%clk 01:17:00]}
{[%emt 00:00:46]} 13. Rfe1 {[%clk 01:06:00]} {[%emt 00:05:58]} Rc8 {[%clk
01:15:38]} {[%emt 00:01:51]} 14. Rac1 {[%clk 01:01:06]} {[%emt 00:05:25]} Nb6
{[%clk 01:13:04]} {[%emt 00:03:04]} 15. Bxe7 {[%clk 00:54:32]} {[%emt
00:07:05]} Kxe7 {[%clk 01:12:14]} {[%emt 00:01:21]} 16. Ne2 {[%clk 00:53:06]}
{[%emt 00:01:55]} Nf5 {[%clk 01:11:34]} {[%emt 00:01:09]} 17. Qa3+ {[%clk
00:52:42]} {[%emt 00:00:53]} Ke8 {[%clk 01:11:33]} {[%emt 00:00:33]} 18. Qxa6
{[%clk 00:52:24]} {[%emt 00:00:48]} Nc4 {[%clk 01:11:54]} {[%emt 00:00:08]} 19.
Qxb5+ {[%clk 00:51:19]} {[%emt 00:01:35]} Qd7 {[%clk 01:12:19]} {[%emt
00:00:06]} 20. Qxd7+ {[%clk 00:49:52]} {[%emt 00:01:56]} Kxd7 {[%clk 01:11:55]}
{[%emt 00:00:54]} 21. Rc2 {[%clk 00:42:01]} {[%emt 00:08:21]} f6 {[%clk
01:10:04]} {[%emt 00:02:22]} 22. exf6 {[%clk 00:40:56]} {[%emt 00:01:35]} gxf6
{[%clk 01:09:49]} {[%emt 00:00:45]} 23. Nf4 {[%clk 00:40:49]} {[%emt 00:00:37]}
Ng7 {[%clk 01:08:39]} {[%emt 00:01:39]} 24. Rec1 {[%clk 00:37:57]} {[%emt
00:03:22]} Nxb2 {[%clk 01:07:57]} {[%emt 00:01:13]} 25. Rxc8 {[%clk 00:33:57]}
{[%emt 00:04:30]} Rxc8 {[%clk 01:08:26]} {[%emt 00:00:02]} 26. Rxc8 {[%clk
00:32:17]} {[%emt 00:02:10]} Kxc8 {[%clk 01:08:49]} {[%emt 00:00:07]} 27. Kf1
{[%clk 00:29:16]} {[%emt 00:03:30]} Kc7 {[%clk 01:09:06]} 28. Ke2 {[%clk
00:27:47]} {[%emt 00:02:13]} Kc6 {[%clk 01:08:03]} {[%emt 00:01:33]} 29. Kd2
{[%clk 00:23:34]} {[%emt 00:04:42]} Nc4+ {[%clk 01:08:23]} {[%emt 00:00:10]}
30. Kc3 {[%clk 00:23:54]} {[%emt 00:00:10]} e5 {[%clk 01:08:46]} {[%emt
00:00:08]} 31. Ne2 {[%clk 00:20:42]} {[%emt 00:03:40]} e4 {[%clk 01:08:15]}
{[%emt 00:01:03]} 32. Nd2 {[%clk 00:18:59]} {[%emt 00:02:11]} Nd6 {[%clk
01:08:39]} {[%emt 00:00:07]} 33. a4 {[%clk 00:17:11]} {[%emt 00:02:17]} Ne6
{[%clk 01:07:05]} {[%emt 00:02:04]} 34. Nb3 {[%clk 00:14:22]} {[%emt 00:03:21]}
Nf5 {[%clk 01:07:10]} {[%emt 00:00:25]} 35. g3 {[%clk 00:13:54]} {[%emt
00:00:57]} Nd6 {[%clk 01:06:49]} {[%emt 00:00:50]} 36. Nec1 {[%clk 00:13:03]}
{[%emt 00:01:20]} Nc4 {[%clk 01:06:40]} {[%emt 00:00:39]} 37. Na2 {[%clk
00:12:53]} {[%emt 00:00:41]} e3 {[%clk 01:07:05]} {[%emt 00:00:06]} 38. Nb4+
{[%clk 00:11:10]} {[%emt 00:02:12]} Kd6 {[%clk 01:07:17]} {[%emt 00:00:19]} 39.
f3 {[%clk 00:08:21]} {[%emt 00:03:18]} e2 {[%clk 01:07:06]} {[%emt 00:00:41]}
40. Nd3 {[%clk 00:04:31]} {[%emt 00:04:19]} Kc6 {[%clk 01:06:36]} {[%emt
00:01:00]} 41. Nbc1 {[%clk 00:04:12]} {[%emt 00:00:50]} Nb6 {[%clk 01:06:49]}
{[%emt 00:00:16]} 42. Nxe2 {[%clk 00:29:20]} {[%emt 00:05:23]} Nxa4+ {[%clk
01:37:13]} {[%emt 00:00:06]} 43. Kb4 {[%clk 00:29:34]} {[%emt 00:00:15]} Nb6
{[%clk 01:37:34]} {[%emt 00:00:09]} 44. Ndf4 {[%clk 00:28:07]} {[%emt
00:01:58]} Ng7 {[%clk 01:37:29]} {[%emt 00:00:34]} 45. g4 {[%clk 00:27:27]}
{[%emt 00:01:11]} 1-0